Biblioteca

Like a bride adorned (Registro nro. 46847)

Detalles MARC
000 -LÍDER
Campo fijo de descripción fija 02218cam a2200361 a 4500
001 - NÚMERO DE CONTROL
Campo de control 84838510
003 - IDENTIFICADOR DEL NÚMERO DE CONTROL
Campo de control CO-MdFUSB
005 - FECHA Y HORA DE LA ULTIMA TRANSACCIÓN
control field 20180622072543.0
008 - ELEMENTOS DE LONGITUD FIJA -- INFORMACIÓN GENERAL
Campo fijo de descripción fija -- Información general 070213s2007 nyu b 001 0 eng
010 ## - NÚMERO DE CONTROL DE LA BIBLIOTECA DEL CONGRESO
Número de control LC 2007006463
020 ## - NÚMERO INTERNACIONAL NORMALIZADO PARA LIBROS
Número Internacional Normalizado del libro 9780567026743 (pbk.)
020 ## - NÚMERO INTERNACIONAL NORMALIZADO PARA LIBROS
Número Internacional Normalizado del libro 0567026744 (pbk.)
040 ## - FUENTE DE CATALOGACIÓN
Agencia de catalogación original DLC
Agencia que realiza la transcripción CO-MdBIC
Agencia que realiza la modificación YDX
-- CO-MdFUSB
-- OrLoB-B
Idioma de catalogación spa
Convenciones de la descripción rda
041 ## - CÓDIGO DE IDIOMA
Código de idioma para texto/pista de sonido o título separado eng
082 ## - NÚMERO DE CLASIFICACIÓN DECIMAL DEWEY
Número de la edición del Dewey 24
Número de clasificación G 228.06
Clave de autor-Numero de item H877l
100 1# - ASIENTO PRINCIPAL--NOMBRE PERSONAL
Nombre personal Huber, Lynn R.
Término relacionador autor
245 10 - TÍTULO
Título del Material Like a bride adorned
Parte restante del título - Subtitulo :reading metaphor in John's Apocalypse
Mención de responsabilidad, etc. /Lynn R. Huber
264 #4 - PRODUCCIÓN, PUBLICACIÓN, DISTRIBUCIÓN, MANUFACTURA, Y COPYRIGHT
Lugar de producción, publicación, distribución, manufactura New York :
Nombre del productor, publicador, distribuidor T&T Clark International,
Fecha de producción, publicación, distribución, manufactura, o copyright ©2007
300 ## - DESCRIPCIÓN FÍSICA
Extensión ix, 221 páginas. ;
Dimensiones 23 cm.
336 ## - TIPO DE CONTENIDO
Fuente rdacontent
Término de tipo de contenido texto
Código de tipo de contenido txt
337 ## - TIPO DE MEDIO
Fuente rdamedia
Nombre del tipo de medio sin mediación
Código del tipo de medio n
338 ## - TIPO DE SOPORTE
Fuente rdacarrier
Nombre del tipo de soporte volumen
Código Tipo de soporte nc
490 1# - MENCIÓN DE SERIE
Mención de serie Emory studies in early Christianity ;
504 ## - NOTA DE BIBLIOGRAFÍA, ETC.
Nota de bibliografía, etc Incluye referencias bibliográficas (p. 191-215) e índices.
505 ## - NOTA DE CONTENIDO
Nota de contenido con formato preestablecido Interpretación de la lengua imaginaria del Apocalipsis - Teorías antiguas, medievales y modernas de la metáfora - Un marco metafórico en las tradiciones literarias judías - Tradiciones nupciales y discurso social romana - Imaginaría nupcial de Apocalipsis - La metáfora en Apocalipsis - Babilonia: Una ciudad sin una novia: Apocalipsis 18:23.
520 1# - NOTA DE RESUMEN, ETC.
Nota de sumario, etc. "In contrast to views that suggest Revelation's metaphorical language is simple adornment, Lynn R. Huber argues that Revelation's persuasive power resides within the text's metaphorical nature, and she articulates a method for exploring how Revelation employs metaphor to shape an audience's thought. Like a Bride Adorned: Reading Metaphor in John's Apocalypse engages one set of conceptual metaphors in relation to Revelation's literary and social-historical milieu. Specifically, Huber explores the conceptual metaphors under-girding Revelation's nuptial or bridal imagery. Nuptial imagery serves as one of the text's final-arid arguably one of its most important-characterizations of the Christian community."--BOOK JACKET.
650 #0 - ASIENTO SECUNDARIO DE MATERIA - TERMINO TEMÁTICO
Término temático o nombre geográfico como elemento de entrada Metaphor in the Bible.
651 #0 - ASIENTO SECUNDARIO DE MATERIA - NOMBRE GEOGRAFICO
Nombre geográfico Jerusalem
Subdivisión general In the Bible.
653 ## - TÉRMINO DE INDIZACIÓN - NO CONTROLADO
Término no controlado Metáforas en la biblia
653 ## - TÉRMINO DE INDIZACIÓN - NO CONTROLADO
Término no controlado Jerusalén en la biblia
942 ## - TIPO DE MATERIAL (KOHA)
Tipo de Item KOHA Libros General
Existencias
Estado de Material Estado de Perdido Forma de Clasificación Estado de Dañado No para Préstamo Colección Tomo Biblioteca de Origen Biblioteca Permanente Fecha de Adquisición Total de Préstamos Signatura Topográfica Código de Barras Última vez visto Ejemplar/Existencia Fecha de Remplazo Tipo de Material
    Dewey Decimal Classification     Colección General   Biblioteca FUSBC Biblioteca FUSBC 30/07/2015   G 228.06 H877l 20377 12/12/2019 Ej. 1 26/01/2016 Libros General

Biblioteca FUSBC | Teléfono: (57+4) 349 88 10 Ext. 141| WhatsApp (+57) 3005338115 
E-mail: biblioteca@unisbc.edu.co | Calle 76 87-14 Robledo Palenque, Medellín, Colombia

Con tecnología Koha